000 00369nam a2200145Ia 4500
008 240729s9999 xx 000 0 und d
022 _a2300-6722
245 0 _aStudia Medyczne
260 _aPoland
260 _bTermedia Publishing House
650 _aMedicine
856 _uhttps://doaj.org/toc/6e1f5360057144499de4fb97fbb8bda3
942 _2ddc
942 _cDOAJEJ
999 _c74548
_d74548
945 _a1
_bMadushi Gamage
_c1
_dMadushi Gamage